Testing for a common OECD Phillips curve

Salvato in:
Dettagli Bibliografici
Autore principale: Turner, Dave
Altri autori: Seghezza, Elena
Natura: Libro
Lingua:inglese
Pubblicazione: Paris OECD 1999
Serie:Economics department working papers No 219
Soggetti:
Tags: Aggiungi Tag
Nessun Tag, puoi essere il primo ad aggiungerne!!

MARC

LEADER 00000nam a2200000 4500
001 c120071
005 20221221084835.5
041 0 |a eng 
044 |a FR 
245 1 0 |a Testing for a common OECD Phillips curve  |c Dave Turner and Elena Seghezza 
264 1 |a Paris  |b OECD  |c 1999 
300 |a 23 s. 
490 1 |a Economics department working papers  |v No 219 
830 0 |a Economics department working papers  |v No 219 
610 2 0 |a nezamestnanosť 
610 2 0 |a zamestnanosť 
610 2 0 |a testy 
610 2 0 |a Phillipsova krivka 
100 1 |a Turner, Dave 
700 1 |a Seghezza, Elena